Linear and nonlinear programming

Saved in:
Bibliografiske detaljer
Hovedforfatter: Luenberger, David G. (autor)
Format: Bog
Sprog:engelsk
Udgivet: Reading Addison-Wesley 1974
Udgivelse:2a. ed
Fag:
Tags: Tilføj Tag
Ingen Tags, Vær først til at tagge denne postø!

MARC

LEADER 00000nam a2200000 a 4500
001 UCS7971
003 CL-VaPUC
008 971024e19740000US |||||||||||||||||eng|d
082 0 4 |a 519.7  |b LUE  |2 21 
100 |a Luenberger, David G.  |e autor  |9 551494 
245 1 0 |a Linear and nonlinear programming 
250 |a 2a. ed 
300 |a 491 p 
942 |c BK 
945 |d 19971024 00:00:00  |a rleighto 
260 |a Reading  |b Addison-Wesley  |c 1974 
650 7 |a PROGRAMCION LINEAR  |2 CL-VaPUC  |9 392957 
650 0 |a Programación no lineal   |9 259385 
650 0 |a Probabilidades   |9 260199 
583 |a last modification  |c 20130419 09:32:27  |k Rodrigo Vera 
999 |c 262697  |d 262695 
952 |0 0  |1 0  |4 0  |6 519_700000000000000_LUE_1974  |7 0  |8 A  |9 291516  |a BIBMAT  |b BIBMAT  |d 2019-11-19  |i 3357368  |o 519.7 LUE 1974  |p 3357368  |r 2025-01-07  |w 2019-11-19  |y BK  |k MAT 
952 |0 0  |1 0  |4 0  |6 519_700000000000000_LUE_1974  |7 0  |8 A  |9 291517  |a BIBMAT  |b BIBMAT  |d 2019-11-19  |i 3357376  |o 519.7 LUE 1974  |p 3357376  |r 2025-01-07  |w 2019-11-19  |y BK  |k MAT